Eurovision - Highest Win % - Statistics

General Stats
  • This quiz has been taken 4,791 times
    465 since last reset
  • The average score is 13 of 15
Answer Stats
Hint Answer % Correct
7.6% United Kingdom (5/66)
99%
10.9% Sweden (7/64)
98%
12.1% Ireland (7/58)
93%
15% Ukraine (3/20)
93%
7.6% France (5/66)
92%
6.1% Italy (3/49)
89%
4.8% Norway (3/63)
87%
5.3% Austria (3/57)
83%
7.7% Netherlands (5/65)
83%
8.5% Israel (4/47)
82%
12.8% Luxembourg (5/39)
81%
5.7% Denmark (3/53)
79%
4.7% Switzerland (3/64)
79%
5.9% Serbia (1/17)
69%
5.9% Azerbaijan (1/17)
42%
No matching quizzes found
Score Distribution
Percent of People with Each Score
Percentile by Number Answered
Your Score History
You have not taken this quiz since the last reset